The Japanese economy : Its present phase and medium- term tasks

Đã lưu trong:
书目详细资料
格式: 图书
语言:Undetermined
出版: Tokyo Japan Institute for Social and Economic Affairs 1973
标签: 添加标签
没有标签, 成为第一个标记此记录!
Thư viện lưu trữ: Trung tâm Học liệu Trường Đại học Cần Thơ
LEADER 00453nam a2200157Ia 4500
001 CTU_85690
008 210402s9999 xx 000 0 und d
082 |a 330.952 
082 |b J35 
245 4 |a The Japanese economy : 
245 0 |b Its present phase and medium- term tasks 
260 |a Tokyo 
260 |b Japan Institute for Social and Economic Affairs 
260 |c 1973 
904 |i Năm 
980 |a Trung tâm Học liệu Trường Đại học Cần Thơ